000 01181nam a2200337 i 4500
001 12522
003 KOSZ 005
005 20200527132526.0
008 070715s1970 pl a f 000 0 pol
015 _aPB 1970/3302
040 _aWA N
_cWA N
_dKOSZ 005/ID
_dKOSZ 005/HR
046 _k1970
080 _a624.014.2
100 1 _aGórski, Włodzimierz
_eAutor
245 1 0 _aZarys ekonomiki konstrukcji stalowych /
_cWłodzimierz Górski, Stefan Hojarczyk.
260 _aWarszawa :
_b"Arkady",
_c1970.
300 _a245, [1] stron, [1] karta, tablice :
_bilustracje ;
_c24 cm.
336 _2rdacontent
_aTekst
_btxt
337 _2rdamedia
_aBez urządzenia pośredniczącego
_bn
338 _2rdacarrier
_aWolumin
_bnc
380 _aKsiążki
388 _a1901-2000
388 _a1945-1989
504 _aBibliografia na stronach 245-[246].
650 4 _aKonstrukcje stalowe
658 _aArchitektura i budownictwo
700 1 _aHojarczyk, Stefan
_d(1900-1971)
_eAutor
710 2 _aWydawnictwo Arkady
_4pbl.
856 _uhttp://koha.tu.koszalin.pl/cgi-bin/koha/opac-detail.pl?biblionumber=12522
_yKatalog online BPK
942 _2UKD
_cKS
999 _c12522
_d12522